000 00717nam a2200205 a 4500
001 BRCA_418
005 20190320203013.0
008 880315s1988 ---a---##b---#000-0#eng-#
020 _a050001454X
040 _aDLC
_cDLC
_dDLC
050 4 _aZ701
_b.J63 1988
100 1 _aJohnson, Arthur W.
_91423
245 1 0 _aThe practical guide to book repair and conservation
_cArthur W. Johnson.
260 _aLondres
_bThames and Hudson
_c1988
300 _a111 p.
_bil.
_c26 cm.
500 _aIncluye glosario y directorio de escuelas, sociedades y proveedores relacionados con la conservación del libro
504 _aBibliografía : p. 111
650 1 4 _aLibros
_vManuales
_xConservación y restauración
_91424
942 _2lcc
_cB
999 _c353
_d353